Modernist paradise : (Record no. 17665)

000 -LEADER
fixed length control field 01776cam a22004097a 4500
008 - FIXED-LENGTH DATA ELEMENTS--GENERAL INFORMATION
fixed length control field 060818s2007 nyua 001 0 eng d
020 ## - INTERNATIONAL STANDARD BOOK NUMBER
International Standard Book Number 0847828379
020 ## - INTERNATIONAL STANDARD BOOK NUMBER
International Standard Book Number 9780847828371
050 00 - LIBRARY OF CONGRESS CALL NUMBER
Classification number NK2408
Item number .W43 2007
100 1# - MAIN ENTRY--PERSONAL NAME
Personal name Webb, Michael
245 10 - TITLE STATEMENT
Title Modernist paradise :
Remainder of title Niemeyer house, Boyd collection /
Statement of responsibility, etc. text by Michael Webb ; principal photography by Tim Street-Porter.
260 ## - PUBLICATION, DISTRIBUTION, ETC. (IMPRINT)
Place of publication, distribution, etc. New York :
Name of publisher, distributor, etc. Rizzoli,
Date of publication, distribution, etc. 2007.
300 ## - PHYSICAL DESCRIPTION
Extent 222 p. :
Other physical details col. ill. ;
Dimensions 25 cm.
500 ## - GENERAL NOTE
General note Includes index.
650 #0 - SUBJECT ADDED ENTRY--TOPICAL TERM
Topical term or geographic name as entry element Furniture
General subdivision History
Chronological subdivision 20th century.
650 #0 - SUBJECT ADDED ENTRY--TOPICAL TERM
Topical term or geographic name as entry element Furniture
General subdivision Private collections
Geographic subdivision California
-- Santa Monica.
650 #0 - SUBJECT ADDED ENTRY--TOPICAL TERM
Topical term or geographic name as entry element Modernism (Aesthetics)
700 1# - ADDED ENTRY--PERSONAL NAME
Personal name Street-Porter, Tim.
942 ## - ADDED ENTRY ELEMENTS (KOHA)
Source of classification or shelving scheme
Koha item type Hard Covered Materials
Classification part NK2408 .W43 2007
Holdings
Withdrawn status Lost status Source of classification or shelving scheme Damaged status Not for loan Home library Current library Shelving location Date acquired Source of acquisition Total Checkouts Full call number Barcode Date last seen Price effective from Koha item type
          MACHAKOS UNIVERSITY LIBRARY MACHAKOS UNIVERSITY LIBRARY Open shelf 28/11/2016 Donation(BFA)   NK2408 .W43 2007 28297 07/06/2019 28/11/2016 Hard Covered Materials
© Machakos University Library, Along The Highway, Machakos Wote Rd, Machakos, Kenya P.O. Box 136 - 90100 Machakos - Kenya

Tel: ( +254 ) 723 805829 OR Fax : 044-20353 OR Email: library@mksu.ac.ke